[Event "NATO-ch 27th"]
[Site "Shrivenham"]
[Date "2016.08.25"]
[Round "5"]
[White "Rolius, Egidijus"]
[Black "Chapman, Chas"]
[Result "1-0"]
[WhiteElo "1668"]
[BlackElo "1435"]
[PlyCount "115"]
[EventDate "2016.08.22"]
[EventType "swiss"]
[EventRounds "7"]
[EventCountry "ENG"]
[SourceTitle "EXT 2018"]
[Source "ChessBase"]
[SourceDate "2017.10.13"]
[SourceVersion "1"]
[SourceVersionDate "2017.10.13"]
[SourceQuality "1"]

1. e4 c5 2. Nc3 d6 3. Bc4 g6 4. d4 Bg7 5. Nge2 Nc6 6. Bb5 Bd7 7. dxc5 dxc5 8. f4 a6 9. Bxc6 Bxc6 10. 0-0 Nf6 11. e5 Nd7 12. Be3 e6 13. Qd6 Qe7 14. Rad1 Qxd6 15. Rxd6 0-0 16. Rfd1 Rab8 17. Rxd7 Bxd7 18. Rxd7 Rfd8 19. Rxd8+ Rxd8 20. Bxc5 b5 21. Bd6 Bf8 22. Bxf8 Kxf8 23. Ne4 Rd1+ 24. Kf2 Rb1 25. b3 Ra1 26. Ke3 Rxa2 27. Kd3 Ke7 28. h4 Ra1 29. c3 a5 30. Nd4 a4 31. Nxb5 axb3 32. Nd2 Rd1 33. Ke2 Rg1 34. Kf2 Rh1 35. Kg3 b2 36. Na3 Kd7 37. Kg4 h6 38. g3 Kc6 39. Kf3 Ra1 40. Nab1 Kb5 41. Ke4 Ka4 42. Kd3 h5 43. Kc2 Ra2 44. Nc4 Kb5 45. Nca3+ Ka4 46. Nc4 Kb5 47. Nd6+ Kc5 48. Nxf7 Ra4 49. Ng5 Kd5 50. Kxb2 Ra7 51. Nd2 Rb7+ 52. Kc2 Ra7 53. Kd3 Ra1 54. c4+ Kc6 55. Nxe6 Rg1 56. Nd4+ Kb6 57. Ne2 Kc6 58. Nxg1 1-0